| 000 | 06322cam a22019094i 4500 | ||
|---|---|---|---|
| 003 | PE-LiUPU | ||
| 005 | 20250813165728.0 | ||
| 008 | 150623s2009 mx a rb 001 0 spa d | ||
| 020 | _az9786074480078 | ||
| 035 | _a(Sirsi) i9786074480078 | ||
| 040 |
_aCO-BoBLA _bspa _cCO-BoBLA _dPE-LiUPU _erda |
||
| 041 | 1 |
_aspa _heng |
|
| 049 | _aPRUA | ||
| 082 | 0 | 4 |
_a616.025 _bD6 |
| 245 | 0 | 0 |
_aDiagnóstico y tratamiento de urgencias / _ceditado por C. Keith Stone, Roger L. Humphries, Andrés ; traducción Irán Roldán de la O. |
| 250 | _a5a edición. | ||
| 264 | 1 |
_aMéxico : _bEl Manual Moderno, _c2009. |
|
| 300 |
_axiii, 1009 páginas : _bilustraciones ; _c28 centímetros |
||
| 336 |
_atext _2rdacontent |
||
| 337 |
_aunmediated _2rdamedia |
||
| 338 |
_avolume _2rdacarrier |
||
| 504 | _aBibliografía al final de cada capítulo. | ||
| 505 | 0 | _aAbordaje del paciente en la sala de urgencias -- Servicios de urgencia prehospitalarios -- Agentes nucleares, biológicos y químicos; armas de destrucción masiva -- Incidentes y desastres con múltiples víctimas -- Aspectos legales de la atención de urgencias -- Procedimientos de urgencia -- Tratamiento de los problemasfrecuentes en urgencias -- Compromiso de la vía aérea -- Choque -- El paciente con lesiones múltiples -- Dificultad respiratoria -- Dolor torácico -- Dolor abdominal -- Hemorragia gastrointestinal -- Coma -- Síncope -- Convulsiones -- Cefalea -- Artritis y dolor de espalda -- Lesiones de la cabeza -- Traumatismo maxilofacial y del cuello -- Traumatismo torácico -- Traumatismo abdominal -- Traumatismo genitourinario -- Traumatismo de la columna vertebral y la médula espinal -- Urgencias ortopédicas -- Traumatismo de mano -- Cuidados de heridas -- Urgencias oculares -- Urgencias en trastornos de oídos, nariz, senos paranasales, bucofaringe, y boca -- Urgencias pulmonares -- Urgencias cardiacas -- Arritmias cardiacas -- Urgencias gastrointestinales -- Urgencias neurológicas -- Urgencias obstétricas, ginecológicas y violación -- Urgencias genitourinarias -- Urgencias vasculares -- Urgencias hematológicas -- Urgencias en enfermedades infecciosas -- Urgencias metabólicas y endocrinas -- Urgencias de líquidos, electrólitos y acidobásicas -- Quemaduras e inhalación de humo -- Trastornos causados por agentes físicos y ambientales - Envenamiento -- Urgencias dermatológicas -- Urgencias psiquiátricas -- Urgencias pediátricas. | |
| 526 | _aP203 | ||
| 526 | _aP200 | ||
| 526 | _aSEG65 | ||
| 526 | _aSEG64 | ||
| 526 | _aSEG63 | ||
| 526 | _aSEG62 | ||
| 526 | _aSEG61 | ||
| 526 | _aSEG60 | ||
| 526 | _aSEG59 | ||
| 526 | _aSEG58 | ||
| 526 | _aSEG57 | ||
| 526 | _aSEG56 | ||
| 526 | _aSEG55 | ||
| 526 | _aSEG54 | ||
| 526 | _aSEG53 | ||
| 526 | _aSEG52 | ||
| 526 | _aSEG51 | ||
| 526 | _aSEG50 | ||
| 526 | _aSEG49 | ||
| 526 | _aSEG48 | ||
| 526 | _aSEG47 | ||
| 526 | _aSEG46 | ||
| 526 | _aSEG24 | ||
| 526 | _aSEG23 | ||
| 526 | _aSEG22 | ||
| 526 | _aSEG21 | ||
| 526 | _aSEG20 | ||
| 526 | _aSEG19 | ||
| 526 | _aSEG18 | ||
| 526 | _aSEG17 | ||
| 526 | _aSEG16 | ||
| 526 | _aSEG14 | ||
| 526 | _aSEG13 | ||
| 526 | _aSEG12 | ||
| 526 | _aSEG11 | ||
| 526 | _aSEG10 | ||
| 526 | _aSEG09 | ||
| 526 | _aSEG06 | ||
| 526 | _aSEG05 | ||
| 526 | _aSEG04 | ||
| 526 | _aSEG03 | ||
| 526 | _aSEG02 | ||
| 526 | _aSEG68 | ||
| 526 | _aSEG66 | ||
| 526 | _aSEG45 | ||
| 526 | _aSEG25 | ||
| 526 | _aSEG01 | ||
| 526 | _aP163 | ||
| 526 | _aP162 | ||
| 526 | _aP161 | ||
| 526 | _aP160 | ||
| 526 | _aP159 | ||
| 526 | _aP158 | ||
| 526 | _aP157 | ||
| 526 | _aP156 | ||
| 526 | _aP155 | ||
| 526 | _aP154 | ||
| 526 | _aP153 | ||
| 526 | _aP152 | ||
| 526 | _aP151 | ||
| 526 | _aP150 | ||
| 526 | _aP149 | ||
| 526 | _aP142 | ||
| 526 | _aP141 | ||
| 526 | _aP140 | ||
| 526 | _aP139 | ||
| 526 | _aP138 | ||
| 526 | _aP137 | ||
| 526 | _aP132 | ||
| 526 | _aP131 | ||
| 526 | _aP130 | ||
| 526 | _aP126 | ||
| 526 | _aP125 | ||
| 526 | _aP124 | ||
| 526 | _aP123 | ||
| 526 | _aP115 | ||
| 526 | _aP122 | ||
| 526 | _aP121 | ||
| 526 | _aP116 | ||
| 526 | _a P114 | ||
| 526 | _aP112 | ||
| 526 | _aP111 | ||
| 526 | _aP104 | ||
| 526 | _aP103 | ||
| 526 | _aP102 | ||
| 526 | _aP101 | ||
| 526 | _aP100 | ||
| 526 | _aP96 | ||
| 526 | _aP95 | ||
| 526 | _aP93 | ||
| 526 | _aP92 | ||
| 526 | _aP91 | ||
| 526 | _aP88 | ||
| 526 | _aP83 | ||
| 526 | _aP82 | ||
| 526 | _aP79 | ||
| 526 | _aP78 | ||
| 526 | _aP75 | ||
| 526 | _aP74 | ||
| 526 | _aP71 | ||
| 526 | _aP69 | ||
| 526 | _a P51 | ||
| 526 | _aP49 | ||
| 526 | _aP48 | ||
| 526 | _aP47 | ||
| 526 | _aP33 | ||
| 526 | _aP31 | ||
| 526 | _a P30 | ||
| 526 | _aP29 | ||
| 526 | _aP27 | ||
| 526 | _aP26 | ||
| 526 | _aP25 | ||
| 526 | _aP24 | ||
| 526 | _a P22 | ||
| 526 | _aP10 | ||
| 526 | _aP09 | ||
| 526 | _a P08 | ||
| 526 | _aP06 | ||
| 526 | _aP05 | ||
| 526 | _aP04 | ||
| 526 | _aP01 | ||
| 534 |
_pTítulo original : _tCurrent emergency diagnosis & treatment. |
||
| 541 | _g001-0022659; | ||
| 650 | 4 |
_aUrgencias médicas _xDiagnóstico _vGuías. |
|
| 650 | 4 |
_aMedicina de urgencias _vManuales. |
|
| 650 | 4 |
_aUrgencias médicas _vManuales. |
|
| 700 | 1 |
_aStone, C. Keith, _eeditor. |
|
| 700 | 1 |
_aHumphries, Roger L., _eeditor. |
|
| 700 | 1 |
_aRoldán de la O, Irán, _etraductor. |
|
| 700 | 1 |
_aMorales Saavedra, José Luis, _eeditor. |
|
| 910 |
_aaas _bjck _caas _d20150623 |
||
| 942 |
_2ddc _cBOOK |
||
| 949 |
_a616.025 D6 _wDEWEY _c1 _i71239 _lCCODEBUL1 _mBUL _p186.30 _r0 _sY _tBOOK _u2015-6-23 _xSALUD _PP30 _0COMPRA _o.STAFF. Colección General |
||
| 949 |
_a616.025 D6 _wDEWEY _c2 _i71240 _lCCODEBUL1 _mBUL _p186.30 _r0 _sY _tBOOK _u2015-6-23 _xSALUD _PP30 _0COMPRA _o.STAFF. Colección General |
||
| 994 |
_aC0 _bPEPRU |
||
| 596 | _a1 | ||
| 999 |
_a616.025 D6 _wDEWEY _c48950 _i71239 _d48950 _e2022-4-20 _f2021-11-4 _g5 _lCCODEBUL1 _mBUL _n4 _p186.30 _r0 _sY _tBOOK _u2015-6-23 _xSALUD _PP30 _0COMPRA _o.STAFF. Colección Ciencias de la Salud |
||
| 999 |
_a616.025 D6 _wDEWEY _c2 _i71240 _d2022-3-18 _e2022-3-15 _f2021-11-4 _g5 _lCCODEBUL1 _mBUL _n5 _p186.30 _q2 _r0 _sY _tBOOK _u2015-6-23 _xSALUD _PP30 _0COMPRA _o.STAFF. Colección Ciencias de la Salud |
||
| 980 |
_81 _gALBERTO SANCHEZ Responsable de Automatización |
||